000 00531nam a2200169Ia 4500
999 _c2866
_d2866
003 OSt
005 20200821095852.0
008 190216s9999||||xx |||||||||||||| ||und||
040 _coclc
082 _a543.078
_bWIL/I
100 _aWillard, Hobart H
_94210
245 0 _aInstrumental Methods Of Analysis /
_cHobart H Willard ; L L Merritt ; J A Dean ; F A Settle
250 _a6th Ed.
260 _bCbs Publishers,
_c1986.
_aNew Delhi:
300 _a1030p
942 _cBK
_2ddc
_h543.078
_iWIL/I
_k543.078
_mWIL/I